Active server pages 2.0 asp 2.0 (Record no. 584752)

000 -LEADER
fixed length control field 00459nam a22001697a 4500
003 - CONTROL NUMBER IDENTIFIER
control field CEME
005 - DATE AND TIME OF LATEST TRANSACTION
control field 20210628210521.0
008 - FIXED-LENGTH DATA ELEMENTS--GENERAL INFORMATION
fixed length control field 210209b xxu||||| |||| 00| 0 eng d
040 ## - CATALOGING SOURCE
Transcribing agency .
082 ## - DEWEY DECIMAL CLASSIFICATION NUMBER
Classification number 005.276 WAL
100 ## - MAIN ENTRY--PERSONAL NAME
Personal name Banick, Steven Eddy, Craig Walther, Stephen
9 (RLIN) 79749
245 ## - TITLE STATEMENT
Title Active server pages 2.0 asp 2.0
260 ## - PUBLICATION, DISTRIBUTION, ETC.
Place of publication, distribution, etc. NEW DELHI
Name of publisher, distributor, etc. TECHMEDIA
Date of publication, distribution, etc. 1999
300 ## - PHYSICAL DESCRIPTION
Extent 852P
650 ## - SUBJECT ADDED ENTRY--TOPICAL TERM
Topical term or geographic name entry element ASP 2.0 ACTIVE SERVER PAGE 2.0
9 (RLIN) 79750
942 ## - ADDED ENTRY ELEMENTS (KOHA)
Koha item type Book
Source of classification or shelving scheme
Holdings
Withdrawn status Lost status Damaged status Not for loan Permanent Location Current Location Shelving location Date acquired Total Checkouts Full call number Barcode Date last seen Price effective from Koha item type
        College of Electrical & Mechanical Engineering (CEME) College of Electrical & Mechanical Engineering (CEME) General Stacks 07/05/2017   005.276 WAL CEME-34244 06/28/2021 06/28/2021 Book
© 2023 Central Library, National University of Sciences and Technology. All Rights Reserved.